Movies Quiz

Random Movies or Clickable Quiz

Movie by Fiendishly Diabolical Plot Quiz Stats

Quiz Updated Dec 29, 2014

Also try: Movie by the Twist
Challenge
Share
Tweet
Embed
Score 0/30 Timer 08:00
3 Plays Today
% Correct
101 Dalmatians
99.1%
Snow White and the Seven Dwarfs
93.9%
Inception
85.2%
The Silence of the Lambs
85%
Who Framed Roger Rabbit
83.9%
Back to the Future 2
83.6%
Die Hard
82%
The Terminator
81.3%
Independence Day
74.9%
Austin Powers
72.3%
The Manchurian Candidate
71.8%
Strangers on a Train
68.7%
Aliens
68.1%
Despicable Me
67.9%
Batman Begins
66.8%
% Correct
L.A. Confidential
63.1%
The Usual Suspects
62.8%
The Thing
60.5%
It's a Wonderful Life
58.6%
Goldfinger
51.6%
Fargo
50.5%
Superman
39.1%
Double Indemnity
36.1%
Chinatown
34.3%
You Only Live Twice
33.2%
V for Vendetta
31.5%
Les Diaboliques
28.3%
Dark City
25.9%
Match Point
19.4%
The Night of the Hunter
16%

You're not logged in!

Compare scores with friends on all Sporcle quizzes.
Sign Up with Email
OR
Log In

You Might Also Like...

Show Comments

Extras

Top Quizzes Today


Score Distribution

Your Account Isn't Verified!

In order to create a playlist on Sporcle, you need to verify the email address you used during registration. Go to your Sporcle Settings to finish the process.